Score 0/12 Timer 05:00
4 Plays Today
% Correct
Gulliver's Travels
96.6%
Animal Farm
96.2%
A Tale of Two Cities
80%
The Call of the Wild
78.3%
The Name of the Rose
77.2%
Brave New World
61.3%
Lord of the Flies
50.6%
The Catcher in the Rye
49.8%
Crime and Punishment
47.9%
The Grapes of Wrath
45.4%
The Red Badge of Courage
37.2%
To Kill a Mockingbird
35.4%

You're not logged in!

Compare scores with friends on all Sporcle quizzes.
OR
Log In

Sporcle TV

Today on Sporcle TV


Watch our educational content, quiz creation guides, and fun videos on Sporcle TV.

Show Comments

Extras

Top Quizzes Today


Score Distribution

Paid Content

Your Account Isn't Verified!

In order to create a playlist on Sporcle, you need to verify the email address you used during registration. Go to your Sporcle Settings to finish the process.

Report this User

Report this user for behavior that violates our Community Guidelines.

Details: